000 00698nam a2200253Ia 4500
003 OSt
005 20220918201228.0
006 a|||||r|||| 00| 0
007 ta
008 220917b |||||||| |||| 00| 0 eng d
024 _a92,506
037 _cTextual
040 _aARTS
_cARTS
_beng
041 _2eng
_aeng
082 _aV3,4M34.N79<-N18, L9
100 _aLindsay T F
_997570
245 0 _aConservative party 1918-1979
250 _a2nd ed
260 _aLondon
_bMacnmillan Press UK
_c1979
650 _aHISTORY
700 _a Harrington Michael
_997571
942 _hV3,4M34.N79<-N18, L9
_cTEXL
_2CC
999 _c216157
_d216157